|
|
|
|
| LEADER |
00000nas a2200000 i 4500 |
| 001 |
ssj0000912562 |
| 003 |
WaSeSS |
| 005 |
20200512172242.0 |
| 006 |
m d |
| 007 |
cr n |
| 008 |
121219c20089999rm qr s 0 0eng c |
| 010 |
|
|
|a 2013239110
|
| 022 |
|
|
|a 2247-6571
|l 1582-8344
|
| 035 |
|
|
|a (WaSeSS)ssj0000912562
|
| 037 |
|
|
|b Association for Social and Economic Development and Promotion Catalactica, Colentina Road, no. 26, block 64, B2 ladder, apartment 97, sector 2, postal code 021181, Bucharest
|
| 040 |
|
|
|a CNCGM
|b eng
|c CNCGM
|d CUS
|d IUL
|d OCLCF
|d TXA
|d CUS
|d OCLCO
|d CUS
|d AU@
|d SELUL
|d UAT
|d OCLCQ
|d CUS
|d OCLCQ
|d FIE
|d OCLCQ
|d WaSeSS
|
| 042 |
|
|
|a pcc
|
| 050 |
1 |
4 |
|a H1
|b .J876
|
| 130 |
0 |
|
|a Journal of community positive practices (Online)
|
| 210 |
0 |
|
|a J. pract. pozitive comunitare
|b (Online)
|
| 222 |
|
0 |
|a Jurnalul practicilor pozitive comunitare
|b (Online)
|
| 245 |
1 |
0 |
|a Journal of community positive practices
|h [electronic resource].
|
| 246 |
1 |
|
|i Romanian interface of journal website also has title:
|a Jurnalul practicilor comunitare pozitive
|
| 246 |
1 |
|
|a JCPP
|
| 246 |
1 |
|
|a JPPC
|
| 260 |
|
|
|a Bucharest :
|b Association for Social and Economic Development and Promotion Catalactica,
|c [2008]-
|
| 310 |
|
|
|a Quarterly,
|b 2011-
|
| 321 |
|
|
|a Two issues yearly,
|b 2008-2010
|
| 347 |
|
|
|a text file
|b PDF
|2 rda
|
| 362 |
1 |
|
|a Began with: Year VIII, No. 1-2 (2008).
|
| 506 |
|
|
|a License restrictions may limit access.
|
| 515 |
|
|
|a Issues for 2008-2011 published in four numbers combined in 2 yearly issues.
|
| 588 |
|
|
|a Description based on: Year VIII, No. 1-2 (2008); title from PDF title page (jppc site, viewed May 28, 2014).
|
| 588 |
|
|
|a Latest issue consulted: XIII(4) (2013) (jppc site, viewed May 28, 2014).
|
| 650 |
|
0 |
|a Social sciences
|v Periodicals.
|
| 650 |
|
7 |
|a Social sciences.
|2 fast
|0 (OCoLC)fst01122877
|
| 655 |
|
0 |
|a Electronic journals.
|
| 710 |
2 |
|
|a Asociația pentru Dezvoltare și Promovare Socio-Economică Catalactica.
|
| 776 |
0 |
8 |
|i Print version:
|t Journal of community positive practices
|
| 780 |
0 |
0 |
|t Jurnalul practicilor comunitare pozitive (Online)
|x 2247-6571
|w (DLC) 2014263106
|w (OCoLC)880639505
|
| 856 |
4 |
0 |
|z Full text available from Research Library: 01/01/2012 to present
|u https://search.proquest.com/publication/1416338
|